[Event "Taastrup Quick Weekend 10th B4"]
[Site "Taastrup"]
[Date "2009.10.03"]
[Round "3"]
[White "Jensen, Leif Haugaard"]
[Black "Lumholdt, Sigurd Riber"]
[Result "1-0"]
[WhiteElo "1182"]
[BlackElo "1000"]
[PlyCount "71"]
[EventDate "2009.10.02"]
[EventType "swiss"]
[EventRounds "3"]
[EventCountry "DEN"]
[SourceTitle "EXT 2023"]
[Source "ChessBase"]
[SourceDate "2022.10.05"]
[SourceVersion "1"]
[SourceVersionDate "2022.10.05"]
[SourceQuality "1"]

1. e4 d5 2. exd5 Qxd5 3. Nc3 Qa5 4. Bc4 h5 5. d3 Nc6 6. Nf3 g6 7. Bd2 Be6 8. Bxe6 fxe6 9. Qe2 Nd8 10. Ne5 Bh6 11. Bxh6 Nxh6 12. Qe4 Qb6 13. Qxg6+ Ndf7 14. Nxf7 Nxf7 15. 0-0-0 Rh6 16. Qg8+ Kd7 17. Qxf7 Rf6 18. Qxh5 Rxf2 19. g3 c5 20. Qe5 Rc8 21. d4 c4 22. d5 exd5 23. Nxd5 Qh6+ 24. Kb1 Qg6 25. Nf4+ Qd6 26. Rxd6+ exd6 27. Qe3 Rxf4 28. Qxf4 b6 29. Re1 Rc5 30. Qf7+ Kc6 31. Qe8+ Kb7 32. Qd7+ Ka6 33. Qxd6 Ra5 34. Qb4 c3 35. Qxc3 b5 36. Qc6# 1-0